How I met Your Mother - Statistics

General Stats
  • This quiz has been taken 261 times
    234 since last reset
  • The average score is 9 of 15
Answer Stats
Hint Answer % Correct
Who leaves Ted at the altar? Stella
90%
'Nothing suits me like a ______' Suit
88%
which one of Ted's girlfriends was a baker? Victoria
86%
who in the group believes in miracles? Marshall
84%
The bar the group hang out in MacClarens
82%
at which bank does Barney work? GNB
81%
what state is Marshall from? Minnesota
73%
The college where Ted and Marshall met Wesleyan
63%
what type of lawyer did Marshall always want to be? environmental
60%
The city which Ted is from Cleveland
54%
Barney's apartment is also known as the fortress of what? barnitude
46%
In which area of New York was Lily brought up? Brooklyn
45%
Where do Barney and Robin get married? Farhampton
39%
What is Marshall and Ted's college dorm room number? 110
27%
The '_______ diagonal' was a line on Barney's hot-crazy scale Mendoza
24%
No matching quizzes found
Score Distribution
Percent of People with Each Score
Percentile by Number Answered
Your Score History
You have not taken this quiz since the last reset